000 00509nam a22001937a 4500
003 MPLRDC
005 20220104142336.0
008 210129b ||||| |||| 00| 0 eng d
020 _a7-5397-3034-X
082 _a859.6 LR
100 _a罗荣 文
245 _a玩具故事(精华版)
_c萨朗比耶图;陈伟译
250 _a一版一刷
260 _a
_b安徽少年儿童出版社
_c2006
300 _b
490 _a亲子共读精彩故事
650 _a儿童故事
942 _cBK
_o859.6 LR
999 _c30044
_d30034